Normale Ansicht MARC-Ansicht ISBD

Eurasianism and the European far right : (Titelsatznr. 49553)

[ MARC ]
MARC-Details
000 -Satzkennung
Kontrollfeld mit fester Länge 00707nam a22002411c 4500
001 - Kontrollnummer
Kontrollfeld a987689239
008 - Feld mit fester Länge zur physischen Beschreibung - Allgemeine Angaben
Kontrollfeld mit fester Länge 171121s2015 gw |||| 000u eng d
020 ## - Internationale Standardbuchnummer
Internationale Standardbuchnummer 9781498510707
Verknüpfung 978-14-9851-0707
041 ## - Sprachcode
Sprachcode des Textes/der Tonspur oder des separaten Titels eng
040 ## - Katalogisierungsquelle
Übertragungsstelle RU-10907106
003 - Kontrollnummer Identifier
Kontrollfeld RU-10907106
100 1# - Haupteintragung - Personenname
Personenname Laruelle, Marlene
245 00 - Titel
Titel Eurasianism and the European far right :
Zusatz zum Titel reshaping the Europe-Russia relationship /
Verfasserangabe etc. Edited by Marlene Laruelle
264 ## - Produktion, Veröffentlichung, Distribution, Herstellung und Urheberrechtsvermerk
Herstellungs-, Veröffentlichungs- Vertriebs-, Erzeugungsort London :
Produzent, Herausgeber, Distributor, Hersteller Lexington Books,
Datum der Herstellung, der Veröffentlichung, des Vertriebs oder des Urheberschutzvermerks 2015
300 ## - Physische Beschreibung
Umfang 292 Seiten
600 #0 - Nebeneintragung unter einem Schlagwort - Personenname
Personenname Dugin, Aleksandr Gelevič
650 #0 - Nebeneintragung unter einem Schlagwort - Sachschlagwort
Sachschlagwort oder geografischer Name als Eintragungselement Mitgliedsstaaten
650 #0 - Nebeneintragung unter einem Schlagwort - Sachschlagwort
Sachschlagwort oder geografischer Name als Eintragungselement Rechtspartei
650 #0 - Nebeneintragung unter einem Schlagwort - Sachschlagwort
Sachschlagwort oder geografischer Name als Eintragungselement Internationale Politik
650 #0 - Nebeneintragung unter einem Schlagwort - Sachschlagwort
Sachschlagwort oder geografischer Name als Eintragungselement Nationalismus
651 #0 - Nebeneintragung unter einem Schlagwort - Geografischer Name
Geografischer Name Russland
942 ## - Zusätzliche Felder (Koha)
Koha-Medientyp Monographien
Exemplare
Ausgeschieden Verloren Klassifikation oder Aufstellungssystematik Beschädigt Nicht entleihbar Heimatbibliothek Aufenthaltsbibliothek Aufstellungsort Erwerbungsdatum Inventarnummer Signatur Barcode Letzte Aktivität Preis gültig von Koha-Medientyp
    Andere/Generische Klassifikation     MWN Osteuropa MWN Osteuropa Lesesaal - 1 21/11/2017 18-00638 W 66 C eh Lar E004015073CA1C68 22/02/2021 22/03/2021 Monographien